000 00798nam a2200277Ia 4500
005 20260324120325.0
008 008 260324s9999 xx 000 0 eng d
020 _a9788743802778
037 _aEBOOK
040 _aCRL
040 _beng
040 _cCRL
041 _2eng
041 _aeng
084 _qCRL
100 _aHelena Jin; Luciano Lamberti; Sanichiro Yoshida; Cesar Sciammarella
_91158118
245 0 _aAdvancement of Optical Methods in Experimental Mechanics, Volume 3
245 0 _bProceedings of the 2014 Annual Conference on Experimental and Applied Mechanics
260 _bTaylor and Francis
260 _c2015
365 _a
856 _uhttp://www.taylorfrancis.com/books/9788743802778
942 _cEBOOK
999 _c1749586
_d1749586